Éléments chimiques- Bore - Statistiques

Statistiques générales
  • Ce quiz a été pris 4 fois
  • Le résultat moyen est 8 sur 18
Statistiques - réponses
Questions Réponses % Correct
Symbole B
100%
Dureté de Mohs 10
67%
Masse atomique relative 10,811
67%
Année de découverte 1808
67%
Électronégativité Allred-Rochow 2,01
67%
Electronegativité Pauling 2,04
67%
Densité à 68 °F (20 °F) 2,46 g/cm3
67%
Niveau d’oxydation 3,0
67%
Désignation Bore/ Borum
67%
Température d’ébullition 4622 °F/ 2550 °C
33%
Rayon atomique (en pm= en picomètre=10^12) 79,5
33%
et par Louis-Joseph Gay-Lussac
33%
Découvert par Sir Humphry Davy
33%
Fraction de masse dans la géosphère de la Terre (en %) 0,001
0%
Température de fusion 3774,2 °F/ 2079 °C
0%
Classification II Élément natural
0%
Classification I Métalloïdes
0%
État de la matière (à 68 °F/ 20 °C et à 1013 hPa) Solide
0%
Aucun quiz correspondant
Distribution des résultats
% des personnes avec chaque résultat
Percentile par nombre de réponses
Votre historique - résultats
Vous n’avez pas pris ce quiz